América : (Record no. 5506)
[ view plain ]
| 000 -CABECERA | |
|---|---|
| campo de control de longitud fija | 00762cam a2200217 a 4500 |
| 001 - NÚMERO DE CONTROL | |
| campo de control | 000005710 |
| 003 - IDENTIFICADOR DEL NÚMERO DE CONTROL | |
| campo de control | DO-SdBNP |
| 005 - FECHA Y HORA DE LA ÚLTIMA TRANSACCIÓN | |
| campo de control | 20250318143713.0 |
| 008 - DATOS DE LONGITUD FIJA--INFORMACIÓN GENERAL | |
| campo de control de longitud fija | 761005s1975 ec f001 0 spa |
| 040 ## - FUENTE DE LA CATALOGACIÓN | |
| Centro catalogador/agencia de origen | DO-SdBNP |
| Lengua de catalogación | spa |
| Centro/agencia transcriptor | BNPHU |
| 082 ## - NÚMERO DE LA CLASIFICACIÓN DECIMAL DEWEY | |
| Número de clasificación | 918 |
| Número de documento/Ítem | C424a |
| 100 1# - ENTRADA PRINCIPAL--NOMBRE DE PERSONA | |
| Nombre de persona | Cevallos García, Gabriel. |
| 9 (RLIN) | 16140 |
| 245 10 - MENCIÓN DE TÍTULO | |
| Título | América : |
| Resto del título | teoría de su descubrimiento / |
| Mención de responsabilidad, etc. | Gabriel Cevallos García. |
| 260 ## - PUBLICACIÓN, DISTRIBUCIÓN, ETC. | |
| Lugar de publicación, distribución, etc. | Cuenca, Ecuador : |
| Nombre del editor, distribuidor, etc. | Casa de la Cultura Ecuatoriana, |
| Fecha de publicación, distribución, etc. | 1975. |
| 300 ## - DESCRIPCIÓN FÍSICA | |
| Extensión | 228 p. ; |
| Dimensiones | 21 cm. |
| 490 1# - MENCIÓN DE SERIE | |
| Mención de serie | Libros para el pueblo |
| Designación de volumen o secuencia | 1 |
| 651 #0 - PUNTO DE ACCESO ADICIONAL DE MATERIA--NOMBRE GEOGRÁFICO | |
| Nombre geográfico | América -- |
| Subdivisión general | Descubrimiento y exploración -- |
| -- | Españoles |
| 9 (RLIN) | 544 |
| Subdivisión de forma | Ensayo, conferencias, etc. |
| 651 #4 - PUNTO DE ACCESO ADICIONAL DE MATERIA--NOMBRE GEOGRÁFICO | |
| Nombre geográfico | América |
| Subdivisión general | Descripciones Y Viajes |
| 9 (RLIN) | 867 |
| 830 #0 - PUNTO DE ACCESO ADICIONAL DE SERIE-TÍTULO UNIFORME | |
| Título uniforme | Libros para el pueblo |
| Número de parte o sección de la obra | 1 |
| 9 (RLIN) | 16141 |
| 942 ## - ELEMENTOS DE PUNTO DE ACCESO ADICIONAL (KOHA) | |
| Fuente del sistema de clasificación o colocación | Dewey Decimal Classification |
| Tipo de ítem Koha | Libro |
| Estado de retiro | Estado de pérdida | Restricciones de uso | No para préstamo | Código de colección | Localización permanente | Ubicación/localización actual | Ubicación en estantería | Fecha de adquisición | Número de inventario | Total de préstamos | Signatura topográfica completa | Código de barras | Fecha visto por última vez | Precio válido a partir de | Tipo de ítem Koha | Número de copia |
|---|---|---|---|---|---|---|---|---|---|---|---|---|---|---|---|---|
| Excluido de préstamo | Monografías: Libros y Folletos | General | General | Depósito | 21.08.2009 | LF1 | 918 C424a | 5710-10 | 25.06.2020 | 25.06.2020 | No se presta | |||||
| Extraviado | Excluido de préstamo | Monografías: Libros y Folletos | General | General | Extraviado | 19.04.2017 | LF1 | 918 C424a | 5710-20 | 25.06.2020 | 25.06.2020 | No se presta | e. 2 |
